[Event "España ch sub-18 2012"]
[Site "Salobreña ESP"]
[Date "2012.07.23"]
[Round "1.1"]
[White "Anton Guijarro, David"]
[Black "Urriza Iricibar, Pablo"]
[Result "1-0"]
[WhiteElo "2490"]
[BlackElo "1978"]
[PlyCount "39"]
[EventDate "2012.07.23"]
[EventType "swiss"]
[EventRounds "9"]
[EventCountry "ESP"]
[Source "lmi"]
[SourceDate "2012.07.23"]

1. Nf3 Nf6 2. d4 c5 3. e3 e6 4. Bd3 b6 5. O-O Bb7 6. c4 Be7 7. Nc3 d6 8. d5 e5
9. Nd2 O-O 10. b3 Nfd7 11. f4 f5 12. fxe5 Nxe5 13. Bxf5 Rxf5 14. Rxf5 Bc8 15.
Rxe5 dxe5 16. Nde4 Bb7 17. Bb2 Nd7 18. Qg4 Nf8 19. Rf1 Qd7 20. Rxf8+ 1-0

[Event "España ch sub-18 2012"]
[Site "Salobreña ESP"]
[Date "2012.07.23"]
[Round "1.2"]
[White "Orantes Taboada, Manuel"]
[Black "Forcen Esteban, Daniel"]
[Result "0-1"]
[WhiteElo "1963"]
[BlackElo "2457"]
[PlyCount "132"]
[EventDate "2012.07.23"]
[EventType "swiss"]
[EventRounds "9"]
[EventCountry "ESP"]
[Source "lmi"]
[SourceDate "2012.07.23"]

1. e4 c5 2. Nc3 a6 3. g3 b5 4. d3 Bb7 5. Bg2 e6 6. f4 d5 7. e5 h5 8. Nf3 Nh6 9.
O-O Nf5 10. Bh3 Nc6 11. Bxf5 exf5 12. d4 cxd4 13. Ne2 Qb6 14. Nexd4 Nxd4 15.
Nxd4 h4 16. Kg2 Qh6 17. g4 fxg4 18. Qxg4 Bc5 19. f5 Qh5 20. Qxh5 Rxh5 21. Be3
Bxd4 22. Bxd4 Bc8 23. e6 fxe6 24. Rae1 a5 25. fxe6 Ra6 26. e7 Rg5+ 27. Kf2 Rf5+
28. Ke2 Kxe7 29. Bxg7 Rg6 30. Kd2+ Kd6 31. Rxf5 Bxf5 32. Be5+ Kc5 33. c3 a4 34.
Bd4+ Kd6 35. Be5+ Kc6 36. Bd4 Kd6 37. Be5+ Kd7 38. Bd4 Be4 39. Rf1 h3 40. Rf7+
Ke6 41. Rf1 Rg2+ 42. Rf2 Rg4 43. Rf6+ Kd7 44. Rf7+ Ke8 45. Rf1 Ke7 46. Bc5+ Ke6
47. Bd4 Bf5 48. Re1+ Kf7 49. Rf1 Ke6 50. Re1+ Be4 51. Rf1 Rg2+ 52. Rf2 Bb1 53.
Rxg2 hxg2 54. Ke2 Bxa2 55. Kf2 Kf5 56. Kxg2 Ke4 57. Bc5 Kd3 58. Kf2 Kc4 59. Bd4
Kd3 60. Bf6 Kc2 61. Ke3 Bc4 62. Be7 Kxb2 63. Kd2 a3 64. Bxa3+ Kxa3 65. Kc2 d4
66. cxd4 b4 0-1

[Event "España ch sub-18 2012"]
[Site "Salobreña ESP"]
[Date "2012.07.23"]
[Round "1.3"]
[White "Pardo Simon, David"]
[Black "Perez Barreto, Adrian"]
[Result "1/2-1/2"]
[WhiteElo "2421"]
[BlackElo "1961"]
[PlyCount "124"]
[EventDate "2012.07.23"]
[EventType "swiss"]
[EventRounds "9"]
[EventCountry "ESP"]
[Source "lmi"]
[SourceDate "2012.07.23"]

1. b3 Nf6 2. Bb2 g6 3. e4 d6 4. g3 Bg7 5. Bg2 e5 6. Ne2 O-O 7. O-O Nc6 8. c4
Nh5 9. d4 Kh8 10. dxe5 dxe5 11. Nbc3 Nd4 12. Nxd4 exd4 13. Nd5 c6 14. Nb4 a5
15. Nd3 f5 16. exf5 Bxf5 17. Re1 Qc7 18. c5 Rad8 19. Rc1 a4 20. b4 Qf7 21. Ne5
Qxa2 22. Bxd4 Be6 23. Ra1 Qb3 24. Qd2 Bf5 25. Re3 Qc2 26. Nf7+ Kg8 27. Qxc2
Bxc2 28. Bxg7 Rxf7 29. Be5 Nf6 30. Re2 Bb3 31. Bh3 Re8 32. Rae1 Rfe7 33. f4 Nd5
34. Re4 a3 35. Bf1 a2 36. Ra1 Ra8 37. b5 h5 38. Rd4 Ne3 39. Rd3 Nc2 40. bxc6
bxc6 41. Rad1 a1=Q 42. Bxa1 Rxa1 43. Rxa1 Nxa1 44. Rd6 Re6 45. Bg2 Rxd6 46.
cxd6 Be6 47. Bxc6 Kf8 48. Be4 Bf5 49. Bxf5 gxf5 50. Kg2 Nc2 51. Kh3 Ne3 52. Kh4
Nc4 53. d7 Ke7 54. Kxh5 Kxd7 55. Kg6 Nd6 56. h4 Ke7 57. h5 Kf8 58. Kf6 Kg8 59.
Ke6 Ne4 60. Kxf5 Nxg3+ 61. Kg6 Ne4 62. f5 Kh8 1/2-1/2

[Event "España ch sub-18 2012"]
[Site "Salobreña ESP"]
[Date "2012.07.23"]
[Round "1.4"]
[White "Fernandez Gonzalez, Sergio"]
[Black "Sanchez Ibern, Marc"]
[Result "0-1"]
[WhiteElo "1959"]
[BlackElo "2364"]
[PlyCount "70"]
[EventDate "2012.07.23"]
[EventType "swiss"]
[EventRounds "9"]
[EventCountry "ESP"]
[Source "lmi"]
[SourceDate "2012.07.23"]

1. c4 e5 2. Nc3 Nf6 3. g3 d5 4. cxd5 Nxd5 5. Bg2 Nb6 6. Nf3 Nc6 7. O-O Be7 8.
d3 O-O 9. a3 Re8 10. Be3 Bf8 11. Rc1 Nd4 12. Re1 c6 13. Bxd4 exd4 14. Ne4 a5
15. Nc5 a4 16. e3 dxe3 17. fxe3 Qf6 18. Qd2 Nd7 19. Ne4 Qh6 20. Qf2 Ne5 21.
Nxe5 Rxe5 22. Qf4 Qxf4 23. gxf4 Rb5 24. Re2 Bg4 25. Rd2 Re8 26. Nc3 Ra5 27. e4
Rd8 28. Kf2 Bc5+ 29. Kg3 Be3 30. Rcc2 Bxd2 31. Rxd2 Be6 32. d4 f5 33. d5 Bc8
34. Nb1 cxd5 35. exd5 Ra8 0-1

[Event "España ch sub-18 2012"]
[Site "Salobreña ESP"]
[Date "2012.07.23"]
[Round "1.5"]
[White "Ladron De Guevara Pinto, Paolo"]
[Black "Lopez Garralon, Miguel"]
[Result "1-0"]
[WhiteElo "2353"]
[BlackElo "1954"]
[PlyCount "75"]
[EventDate "2012.07.23"]
[EventType "swiss"]
[EventRounds "9"]
[EventCountry "ESP"]
[Source "lmi"]
[SourceDate "2012.07.23"]

1. e4 d6 2. d4 Nf6 3. Nc3 Nbd7 4. Nge2 e5 5. f3 c6 6. Be3 Be7 7. Qd2 Qc7 8. a4
a5 9. g4 b6 10. Ng3 exd4 11. Bxd4 Ne5 12. Qf2 Nfd7 13. Nf5 Bf6 14. O-O-O g6 15.
Ne3 Nc5 16. g5 Bg7 17. f4 Ng4 18. Nxg4 Bxg4 19. Bxg7 Rg8 20. Bf6 Bxd1 21. Kxd1
Nd7 22. Bh3 Nxf6 23. gxf6 Kd8 24. Qd4 Rb8 25. Kc1 d5 26. exd5 Qd6 27. Qe5 Qxe5
28. fxe5 cxd5 29. Rd1 Kc7 30. Nxd5+ Kb7 31. Bg2 Rgd8 32. Ne7+ Kc7 33. Bd5 Rf8
34. c4 Rbd8 35. Kd2 Rd7 36. Ke3 Kd8 37. b4 Rxe7 38. Ke4 1-0

[Event "España ch sub-18 2012"]
[Site "Salobreña ESP"]
[Date "2012.07.23"]
[Round "1.6"]
[White "Romero Lopez, Cristina"]
[Black "Alcaraz Ortega, Javier"]
[Result "0-1"]
[WhiteElo "1949"]
[BlackElo "2297"]
[PlyCount "106"]
[EventDate "2012.07.23"]
[EventType "swiss"]
[EventRounds "9"]
[EventCountry "ESP"]
[Source "lmi"]
[SourceDate "2012.07.23"]

1. e4 d5 2. exd5 Qxd5 3. Nc3 Qa5 4. d4 Nf6 5. Bc4 Bg4 6. f3 Bf5 7. Nge2 Nbd7 8.
O-O e6 9. Be3 c6 10. a3 Bd6 11. Bf4 Bxf4 12. Nxf4 O-O 13. Bd3 Rad8 14. Nce2
Bxd3 15. Nxd3 Qb6 16. Kh1 c5 17. dxc5 Nxc5 18. Nec1 Na4 19. Qe2 Rd5 20. c4 Rd4
21. b3 Nc5 22. Nxc5 Qxc5 23. Nd3 Qb6 24. Rab1 Rfd8 25. Rfd1 Qd6 26. Nf2 Qxa3
27. Rxd4 Rxd4 28. Qe5 Qd6 29. Qxd6 Rxd6 30. Rd1 Rxd1+ 31. Nxd1 a5 32. Nb2 Nd7
33. Nd3 Kf8 34. Kg1 Ke7 35. Kf2 Kd6 36. Ke2 Nc5 37. Nc1 e5 38. Kd2 e4 39. fxe4
Nxe4+ 40. Ke3 Nc5 41. Kd2 f5 42. Kc3 g5 43. Ne2 Ke5 44. Nd4 f4 45. Nf3+ Kf5 46.
b4 axb4+ 47. Kxb4 Nd7 48. Kc3 g4 49. Nd2 Ke5 50. Kd3 Nc5+ 51. Ke2 Kd4 52. h3 h5
53. h4 b6 0-1

[Event "España ch sub-18 2012"]
[Site "Salobreña ESP"]
[Date "2012.07.23"]
[Round "1.7"]
[White "Meneses Gonzalez, Kevin Moises"]
[Black "Garcia Del Campo, Efren"]
[Result "1-0"]
[WhiteElo "2264"]
[BlackElo "1936"]
[PlyCount "67"]
[EventDate "2012.07.23"]
[EventType "swiss"]
[EventRounds "9"]
[EventCountry "ESP"]
[Source "lmi"]
[SourceDate "2012.07.23"]

1. e4 c5 2. Nf3 a6 3. c3 Qa5 4. Be2 Nc6 5. O-O e5 6. d4 d6 7. Nbd2 Nf6 8. dxe5
dxe5 9. Nc4 Qc7 10. Qc2 b5 11. Ne3 Bd6 12. a4 b4 13. Nc4 Be6 14. Bg5 Be7 15.
Rfd1 O-O 16. Ne3 b3 17. Qb1 Rfd8 18. Bxf6 Bxf6 19. Nd5 Bxd5 20. Rxd5 Qb6 21.
Qd3 Rxd5 22. exd5 Ne7 23. Nd2 Ng6 24. g3 Be7 25. Ra3 c4 26. Nxc4 Qb8 27. d6 Bd8
28. Qd1 Ra7 29. Rxb3 Rb7 30. Rxb7 Qxb7 31. b4 Qc6 32. Qb3 Qe4 33. Ne3 Qc6 34.
Qd1 1-0

[Event "España ch sub-18 2012"]
[Site "Salobreña ESP"]
[Date "2012.07.23"]
[Round "1.8"]
[White "De La Esperanza Martin, Alberto"]
[Black "Tejedor Fuentes, Enrique"]
[Result "0-1"]
[WhiteElo "1907"]
[BlackElo "2254"]
[PlyCount "96"]
[EventDate "2012.07.23"]
[EventType "swiss"]
[EventRounds "9"]
[EventCountry "ESP"]
[Source "lmi"]
[SourceDate "2012.07.23"]

1. e4 c5 2. Nf3 e6 3. d4 cxd4 4. Nxd4 a6 5. Be2 Nf6 6. Nc3 Qc7 7. O-O d6 8. Kh1
b5 9. a3 Bb7 10. Bf3 Nbd7 11. g3 Nb6 12. Bg2 d5 13. Re1 dxe4 14. Nxe4 Nxe4 15.
Bxe4 Bxe4+ 16. Rxe4 Qb7 17. Qf3 Be7 18. Kg1 O-O 19. Bh6 Nd5 20. Rg4 Bf6 21. Rd1
Rfd8 22. Bg5 Bxg5 23. Rxg5 h6 24. Re5 Rac8 25. Re2 Rd7 26. Red2 Rcd8 27. Ne2
Qc7 28. h3 Rc8 29. Kh2 Re7 30. Kg1 a5 31. Nd4 b4 32. axb4 axb4 33. Nf5 Rd7 34.
Ne3 Nf6 35. Ng4 Nd5 36. Ne3 Nb6 37. Qe4 Rxd2 38. Rxd2 Ra8 39. Kh2 Ra1 40. Qxb4
Na4 41. Rd1 Rxd1 42. Nxd1 Qxc2 43. Qe1 Nxb2 44. Nxb2 Qxb2 45. Qe3 g6 46. Kg2
Kg7 47. h4 Qb7+ 48. Kh2 Qd5 0-1

[Event "España ch sub-18 2012"]
[Site "Salobreña ESP"]
[Date "2012.07.23"]
[Round "1.9"]
[White "Suarez Uriel, Adrian"]
[Black "Rey Malde, Henrique"]
[Result "1-0"]
[WhiteElo "2249"]
[BlackElo "1905"]
[PlyCount "37"]
[EventDate "2012.07.23"]
[EventType "swiss"]
[EventRounds "9"]
[EventCountry "ESP"]
[Source "lmi"]
[SourceDate "2012.07.23"]

1. e4 c5 2. Nf3 e6 3. d4 cxd4 4. Nxd4 a6 5. Be2 Nf6 6. Nc3 Qc7 7. O-O Be7 8.
Kh1 O-O 9. f4 d6 10. Bf3 Nc6 11. g4 Nxd4 12. Qxd4 e5 13. Qg1 exf4 14. g5 Nd7
15. Nd5 Qd8 16. Bxf4 Re8 17. Rad1 Bf8 18. Qg3 Nb6 19. Nf6+ 1-0

[Event "España ch sub-18 2012"]
[Site "Salobreña ESP"]
[Date "2012.07.23"]
[Round "1.10"]
[White "Cerezo Gaston, Alberto"]
[Black "Aranaz Murillo, Amalia"]
[Result "1/2-1/2"]
[WhiteElo "1903"]
[BlackElo "2248"]
[PlyCount "59"]
[EventDate "2012.07.23"]
[EventType "swiss"]
[EventRounds "9"]
[EventCountry "ESP"]
[Source "lmi"]
[SourceDate "2012.07.23"]

1. d4 d5 2. c4 c6 3. Nc3 Nf6 4. Nf3 a6 5. e3 b5 6. cxb5 cxb5 7. a3 e6 8. b4 Be7
9. Be2 Bb7 10. Qb3 O-O 11. O-O Ne4 12. Nxe4 dxe4 13. Nd2 Bd6 14. f4 Bd5 15. Qd1
Nd7 16. Nb3 Nb6 17. Nc5 f5 18. Bb2 Qe7 19. Rc1 h6 20. Rf2 Kh7 21. g3 Ra7 22.
Rg2 g5 23. Bc3 Rg8 24. Qf1 Qd8 25. Kh1 Qa8 26. Qf2 gxf4 27. gxf4 Rag7 28. Rcg1
Rxg2 29. Rxg2 Rxg2 30. Kxg2 1/2-1/2

[Event "España ch sub-18 2012"]
[Site "Salobreña ESP"]
[Date "2012.07.23"]
[Round "1.11"]
[White "Nicolas Zapata, Irene"]
[Black "Alvarez Dominguez, Breixo"]
[Result "1-0"]
[WhiteElo "2235"]
[BlackElo "1898"]
[PlyCount "75"]
[EventDate "2012.07.23"]
[EventType "swiss"]
[EventRounds "9"]
[EventCountry "ESP"]
[Source "lmi"]
[SourceDate "2012.07.23"]

1. c4 c5 2. Nf3 Nf6 3. d4 cxd4 4. Nxd4 Nc6 5. Nc3 e6 6. g3 Qb6 7. e3 Ne5 8. Bg2
Nxc4 9. O-O Bc5 10. Na4 Qa5 11. Nxc5 Qxc5 12. b3 Na3 13. Bb2 Nb5 14. Rc1 Qb6
15. Nxb5 Qxb5 16. a4 Qb6 17. Bd4 Qd8 18. Bc5 d5 19. Qd4 Rg8 20. Rfd1 b6 21. Ba3
Bb7 22. Rc2 Rc8 23. Rxc8 Qxc8 24. Rc1 Qd8 25. Qe5 Nd7 26. Qd6 Nc5 27. Bxc5 bxc5
28. Qxc5 a5 29. Bf1 f6 30. Bb5+ Kf7 31. Qc7+ Kg6 32. Qxb7 Qd6 33. Qc6 Qe5 34.
Qc3 Qd6 35. Qxa5 e5 36. Qc7 Qa3 37. Qc5 Qb2 38. Qc2+ 1-0

[Event "España ch sub-18 2012"]
[Site "Salobreña ESP"]
[Date "2012.07.23"]
[Round "1.12"]
[White "Blazquez Criado, Sergio"]
[Black "Navarro Lopez-Menchero, Daniel"]
[Result "0-1"]
[WhiteElo "1888"]
[BlackElo "2230"]
[PlyCount "80"]
[EventDate "2012.07.23"]
[EventType "swiss"]
[EventRounds "9"]
[EventCountry "ESP"]
[Source "lmi"]
[SourceDate "2012.07.23"]

1. e4 c5 2. d4 cxd4 3. c3 dxc3 4. Nxc3 Nc6 5. Nf3 d6 6. Bc4 e6 7. O-O Be7 8.
Qe2 Nf6 9. Rd1 e5 10. h3 O-O 11. Bg5 Be6 12. Rd2 Rc8 13. Bb5 Qb6 14. Bxf6 Bxf6
15. Nd5 Bxd5 16. Rxd5 Rc7 17. Bc4 Rfc8 18. Rb5 Nd4 19. Nxd4 Qxd4 20. Bb3 a6 21.
Rd5 Qb4 22. Rad1 Be7 23. R1d3 Rc1+ 24. Kh2 Re1 25. Qg4 Rc7 26. Rg3 g6 27. Re3
Rxe3 28. fxe3 Qe1 29. Qf3 Bg5 30. Rd1 Qxe3 31. Qxe3 Bxe3 32. Rxd6 Bc1 33. Bd5
Bf4+ 34. Kg1 Bg3 35. Kf1 Rc2 36. Rd7 Rf2+ 37. Kg1 b5 38. b4 Kg7 39. Ra7 g5 40.
Rxa6 Re2 0-1

[Event "España ch sub-18 2012"]
[Site "Salobreña ESP"]
[Date "2012.07.23"]
[Round "1.13"]
[White "Quintin Navarro, Alberto"]
[Black "Garcia Salamero, Hector"]
[Result "1-0"]
[WhiteElo "2210"]
[BlackElo "1880"]
[PlyCount "82"]
[EventDate "2012.07.23"]
[EventType "swiss"]
[EventRounds "9"]
[EventCountry "ESP"]
[Source "lmi"]
[SourceDate "2012.07.23"]

1. d4 Nf6 2. c4 g6 3. Nc3 Bg7 4. e4 d6 5. f3 O-O 6. Be3 Na6 7. Qd2 c5 8. d5 Qa5
9. Nge2 Nd7 10. Nc1 Ne5 11. Be2 Nc7 12. f4 Ng4 13. Bxg4 Bxg4 14. f5 gxf5 15. h3
Bh5 16. exf5 f6 17. O-O Kh8 18. Rf4 b5 19. Rh4 Bf7 20. Bh6 Rg8 21. N1e2 bxc4
22. Nf4 Bxh6 23. Rxh6 Nb5 24. Ng6+ Bxg6 25. fxg6 Rg7 26. Qe1 Rxg6 27. Rxg6 hxg6
28. Qxe7 Nxc3 29. Qxf6+ Kh7 30. bxc3 Qd8 31. Qf7+ Kh6 32. Rf1 Qg5 33. Rf4 Rb8
34. Kh2 Qe5 35. h4 a5 36. g3 Qg7 37. Qe6 Rb2+ 38. Kh3 Rb7 39. Qxd6 Qd7+ 40. Qe6
Qxe6+ 41. dxe6 Kg7 1-0

[Event "España ch sub-18 2012"]
[Site "Salobreña ESP"]
[Date "2012.07.23"]
[Round "1.14"]
[White "Mercado Larrea, Adrian"]
[Black "Fernandez Lledo, Javier"]
[Result "1-0"]
[WhiteElo "1875"]
[BlackElo "2207"]
[PlyCount "101"]
[EventDate "2012.07.23"]
[EventType "swiss"]
[EventRounds "9"]
[EventCountry "ESP"]
[Source "lmi"]
[SourceDate "2012.07.23"]

1. e4 Nc6 2. Nf3 d6 3. Bc4 Nf6 4. d3 Bg4 5. h3 Bxf3 6. gxf3 Na5 7. Bb3 Nxb3 8.
axb3 g6 9. Be3 a6 10. Qd2 Nh5 11. Nc3 c6 12. Bh6 Bxh6 13. Qxh6 e5 14. Ne2 Qf6
15. Qe3 O-O 16. h4 d5 17. Rh3 d4 18. Qg5 Qxg5 19. hxg5 f6 20. gxf6 Rxf6 21. Ra5
Re8 22. c3 dxc3 23. bxc3 Nf4 24. Nxf4 exf4 25. d4 Kg7 26. Kd2 h6 27. Ra1 g5 28.
Kd3 Kg6 29. Rah1 Rh8 30. Rh5 b5 31. b4 Rf7 32. e5 a5 33. bxa5 Ra7 34. Kc2 Rxa5
35. Kb3 Ra4 36. R5h2 h5 37. Rg2 Kf5 38. Rhg1 Rg8 39. Rh1 Kg6 40. Rxg5+ Kxg5 41.
Rg1+ Kh4 42. Rxg8 Ra1 43. e6 Re1 44. Rg6 Kh3 45. Kb4 h4 46. Kc5 Kh2 47. Kxc6 h3
48. Kd7 b4 49. cxb4 Kh1 50. e7 h2 51. Rh6 1-0

[Event "España ch sub-18 2012"]
[Site "Salobreña ESP"]
[Date "2012.07.23"]
[Round "1.15"]
[White "Martin Hernandez, Ruben"]
[Black "Ochoa De Eribe Martinez, Daniel"]
[Result "1-0"]
[WhiteElo "2195"]
[BlackElo "1870"]
[PlyCount "137"]
[EventDate "2012.07.23"]
[EventType "swiss"]
[EventRounds "9"]
[EventCountry "ESP"]
[Source "lmi"]
[SourceDate "2012.07.23"]

1. e4 c5 2. Nf3 Nc6 3. d4 cxd4 4. Nxd4 Nf6 5. Nc3 e5 6. Ndb5 d6 7. Bg5 a6 8.
Na3 b5 9. Nd5 Be7 10. Bxf6 Bxf6 11. c4 b4 12. Nc2 a5 13. g3 O-O 14. Bg2 Bg5 15.
O-O Be6 16. Qd3 Ne7 17. Nde3 Qc7 18. Rad1 Rfd8 19. b3 g6 20. f4 exf4 21. gxf4
Bh6 22. f5 Bc8 23. e5 Ra6 24. f6 Nf5 25. Nd5 Qc5+ 26. Kh1 Re8 27. Rxf5 Bxf5 28.
Ne7+ Rxe7 29. fxe7 Qxe5 30. Qd5 Qxe7 31. Nd4 Bg4 32. Rf1 Be6 33. Qb5 Ra7 34.
Nc6 Qc7 35. Nxa7 Qxa7 36. Bd5 Bxd5+ 37. Qxd5 Qe7 38. Kg2 Qe2+ 39. Rf2 Qg4+ 40.
Kf1 Qh3+ 41. Kg1 Qg4+ 42. Kh1 Qe6 43. Qxe6 fxe6 44. Rf6 Be3 45. Rxe6 Bc5 46.
Re8+ Kf7 47. Ra8 Kf6 48. Kg2 h5 49. h4 Kf5 50. Kf3 Kf6 51. Rxa5 Ke6 52. Ra8 Kf6
53. Rf8+ Kg7 54. Rf4 Kh6 55. Ke4 Kg7 56. Kd5 g5 57. Rf5 gxh4 58. Rxh5 Bf2 59.
Ke4 Kg6 60. Rd5 Bg3 61. Rb5 Be1 62. Rb6 Bg3 63. Rxb4 h3 64. Kf3 h2 65. Kg2 Kf5
66. Rb5+ Ke4 67. a4 Kd4 68. a5 Be5 69. a6 1-0

[Event "España ch sub-18 2012"]
[Site "Salobreña ESP"]
[Date "2012.07.23"]
[Round "1.16"]
[White "Antunez Muñoz, Juan Jesus"]
[Black "Rodriguez Ferraz, Borja"]
[Result "0-1"]
[WhiteElo "1860"]
[BlackElo "2172"]
[PlyCount "74"]
[EventDate "2012.07.23"]
[EventType "swiss"]
[EventRounds "9"]
[EventCountry "ESP"]
[Source "lmi"]
[SourceDate "2012.07.23"]

1. e4 e5 2. Nf3 Nc6 3. Bb5 a6 4. Ba4 Nf6 5. Qe2 b5 6. Bb3 Bc5 7. c3 d6 8. O-O
Bg4 9. d3 O-O 10. Re1 Ne7 11. Nbd2 Ng6 12. Nf1 Nh5 13. Ng3 Nhf4 14. Qf1 Bxf3
15. gxf3 Nh4 16. Bd1 Qf6 17. Bxf4 Qxf4 18. d4 exd4 19. Qd3 dxc3 20. Qxc3 Kh8
21. Qxg7+ Kxg7 22. Nh5+ Kh6 23. Nxf4 Bd4 24. Rc1 c5 25. b3 Rg8+ 26. Kf1 Rg7 27.
Ke2 Ng2 28. Nd3 Nxe1 29. Nxe1 Rg1 30. f4 Re8 31. Nf3 Rh1 32. e5 dxe5 33. f5 e4
34. Nxd4 cxd4 35. Rc6+ Kg5 36. Rxa6 e3 37. f4+ Kxf4 0-1

[Event "España ch sub-18 2012"]
[Site "Salobreña ESP"]
[Date "2012.07.23"]
[Round "1.17"]
[White "Silva Rodriguez, Julio"]
[Black "Barrio Ugidos, Ibon"]
[Result "0-1"]
[WhiteElo "2168"]
[BlackElo "1855"]
[PlyCount "108"]
[EventDate "2012.07.23"]
[EventType "swiss"]
[EventRounds "9"]
[EventCountry "ESP"]
[Source "lmi"]
[SourceDate "2012.07.23"]

1. e4 c5 2. Nf3 Nc6 3. d4 cxd4 4. Nxd4 g6 5. Nc3 Bg7 6. Nb3 Nf6 7. Bc4 O-O 8.
O-O Qc7 9. Re1 b6 10. Bf1 d6 11. Bg5 Be6 12. Nd5 Qb7 13. c3 Rac8 14. Nf4 Qd7
15. Bxf6 exf6 16. Bb5 Qe7 17. Nd5 Qb7 18. Qe2 Nb8 19. Nf4 a6 20. Bd3 Rfe8 21.
Nd4 Bd7 22. Rad1 b5 23. Qf3 Nc6 24. Nd5 Nxd4 25. cxd4 Re6 26. h4 Rce8 27. Nf4
R6e7 28. Rf1 Kf8 29. Qg3 Bc6 30. d5 Bd7 31. Ne2 Qb6 32. Kh1 f5 33. f3 Bxb2 34.
Nf4 fxe4 35. fxe4 Be5 36. h5 Kg7 37. Qf3 f6 38. Ne2 Qd8 39. Qe3 g5 40. Nd4 Bxd4
41. Qxd4 Re5 42. Rc1 Bg4 43. Qa7+ R8e7 44. Qxa6 Bxh5 45. Rc6 Rd7 46. Rc8 Qe7
47. Bxb5 Ra7 48. Qb6 Rxe4 49. Qf2 Rf4 50. Qe1 Rxf1+ 51. Qxf1 Rxa2 52. Qc1 Ra7
53. Rc6 Be8 54. Ra6 Bxb5 0-1

[Event "España ch sub-18 2012"]
[Site "Salobreña ESP"]
[Date "2012.07.23"]
[Round "1.18"]
[White "Cruz Guerra, Samuel"]
[Black "Bals Hernandez, Jordi"]
[Result "0-1"]
[WhiteElo "1854"]
[BlackElo "2166"]
[PlyCount "104"]
[EventDate "2012.07.23"]
[EventType "swiss"]
[EventRounds "9"]
[EventCountry "ESP"]
[Source "lmi"]
[SourceDate "2012.07.23"]

1. e4 c5 2. d4 cxd4 3. c3 dxc3 4. Nxc3 Nc6 5. Nf3 d6 6. Bc4 a6 7. O-O Nf6 8.
Qe2 Bg4 9. Rd1 e6 10. h3 Bxf3 11. gxf3 Be7 12. f4 Qc7 13. Be3 O-O 14. Rac1 Rac8
15. a3 Qb8 16. b4 b5 17. Ba2 Qb7 18. f3 Rfd8 19. Kh2 Bf8 20. Qf2 Ne7 21. Bb6
Rd7 22. a4 d5 23. axb5 axb5 24. e5 Nh5 25. Ne2 Nc6 26. Bb1 Nxb4 27. Rxc8 Qxc8
28. Qh4 g6 29. f5 Qb8 30. Bd4 Be7 31. Qg4 Ng7 32. fxg6 hxg6 33. Rg1 Nc6 34.
Bxg6 Bf8 35. Bd3 Nxe5 36. Bxe5 Qxe5+ 37. f4 Qe3 38. Rg3 Qf2+ 39. Rg2 Qe3 40.
Rg3 Qd2 41. Qh4 f5 42. Qf6 Re7 43. Bxb5 Qe1 44. Rg2 Qf1 45. h4 Qf3 46. Ng3 Qxf4
47. Qg6 Qxh4+ 48. Kg1 Qd4+ 49. Kh2 Qh4+ 50. Kg1 Ra7 51. Nh5 Ra1+ 52. Bf1 Bc5+
0-1

[Event "España ch sub-18 2012"]
[Site "Salobreña ESP"]
[Date "2012.07.23"]
[Round "1.19"]
[White "Acosta Sosa, Juan Manuel"]
[Black "Martin Morientes, Javier"]
[Result "1-0"]
[WhiteElo "2166"]
[BlackElo "1835"]
[PlyCount "105"]
[EventDate "2012.07.23"]
[EventType "swiss"]
[EventRounds "9"]
[EventCountry "ESP"]
[Source "lmi"]
[SourceDate "2012.07.23"]

1. d4 Nf6 2. c4 g6 3. g3 Bg7 4. Bg2 O-O 5. Nf3 d6 6. O-O Nbd7 7. Nc3 e5 8. dxe5
dxe5 9. h3 c6 10. Be3 Qa5 11. Qc1 Re8 12. Rd1 Nb6 13. b3 Bf5 14. g4 Be6 15. Ng5
Nc8 16. Rb1 Qc7 17. Rb2 Nb6 18. Rbd2 Rad8 19. Nxe6 fxe6 20. Bg5 Rxd2 21. Qxd2
Qf7 22. Ne4 Nxe4 23. Bxe4 Rf8 24. Be3 Bf6 25. Qa5 Bh4 26. f3 Nc8 27. Qxe5 Bd8
28. g5 Bc7 29. Qc3 Nd6 30. Qc2 Qe7 31. Bc1 Nf5 32. Bxf5 Rxf5 33. Kh1 Qc5 34.
Rf1 Qd6 35. e4 Rf7 36. Qf2 Qf8 37. f4 Bxf4 38. Bxf4 e5 39. Qxa7 Rxf4 40. Rxf4
Qxf4 41. Qb8+ Kg7 42. Qxb7+ Kg8 43. Qc8+ Kg7 44. Qd7+ Kg8 45. Qe6+ Kg7 46. Qf6+
Qxf6 47. gxf6+ Kxf6 48. a4 Ke6 49. a5 Kd6 50. b4 Kc7 51. Kg2 g5 52. h4 g4 53.
h5 1-0

[Event "España ch sub-18 2012"]
[Site "Salobreña ESP"]
[Date "2012.07.23"]
[Round "1.20"]
[White "Martinez Fernandez, Raul"]
[Black "Fernandez Diaz, Cristian"]
[Result "0-1"]
[WhiteElo "1828"]
[BlackElo "2162"]
[PlyCount "119"]
[EventDate "2012.07.23"]
[EventType "swiss"]
[EventRounds "9"]
[EventCountry "ESP"]
[Source "lmi"]
[SourceDate "2012.07.23"]

1. e4 c5 2. Nc3 Nc6 3. f4 g6 4. Nf3 Bg7 5. Bc4 e6 6. O-O Nge7 7. Qe1 O-O 8. f5
d5 9. f6 Bxf6 10. Bb3 Bg7 11. e5 Nf5 12. d3 Ncd4 13. Nxd4 cxd4 14. Nd1 a5 15.
Ba4 Bd7 16. Bxd7 Qxd7 17. Bg5 h5 18. h3 Qc7 19. g4 Ne3 20. Nxe3 dxe3 21. d4
Qxc2 22. Qxe3 hxg4 23. Rf2 Qe4 24. Qxe4 dxe4 25. hxg4 Rac8 26. Re1 Rc4 27. Rxe4
Rfc8 28. Ref4 R8c7 29. Bd8 Rd7 30. Bb6 a4 31. R4f3 Bf8 32. Rc3 Rb4 33. Ba7 b6
34. a3 Rb5 35. Bb8 Rxd4 36. Rc8 Rxg4+ 37. Kh2 Rc5 38. Rd8 Rgc4 39. Rxf8+ Kxf8
40. Bd6+ Kg7 41. Bxc5 Rxc5 42. Kg3 b5 43. Re2 Rc4 44. Kf3 g5 45. Ke3 Kg6 46.
Kf3 Kf5 47. Kg3 Re4 48. Rf2+ Rf4 49. Re2 g4 50. Rc2 Rf3+ 51. Kg2 Re3 52. Rf2+
Kxe5 53. Rxf7 Re2+ 54. Kg3 Rxb2 55. Kxg4 Rb3 56. Rb7 Ke4 57. Kg5 e5 58. Re7
Rxa3 59. Kf6 Rf3+ 60. Ke6 0-1

[Event "España ch sub-18 2012"]
[Site "Salobreña ESP"]
[Date "2012.07.23"]
[Round "1.21"]
[White "Villaseñor Rubio, Emilio Jose"]
[Black "Capote Robayna, Johanna"]
[Result "1-0"]
[WhiteElo "2159"]
[BlackElo "1822"]
[PlyCount "79"]
[EventDate "2012.07.23"]
[EventType "swiss"]
[EventRounds "9"]
[EventCountry "ESP"]
[Source "lmi"]
[SourceDate "2012.07.23"]

1. d4 Nf6 2. c4 c5 3. d5 e6 4. Nc3 exd5 5. cxd5 d6 6. Nf3 g6 7. h3 Bg7 8. Bf4
O-O 9. e3 a6 10. a4 Qb6 11. Ra3 Nbd7 12. a5 Qc7 13. Nd2 b5 14. axb6 Nxb6 15.
Nc4 Nxc4 16. Bxc4 Rb8 17. Qe2 Nh5 18. Bh2 f5 19. O-O f4 20. exf4 Nxf4 21. Bxf4
Rxf4 22. Bxa6 Bd7 23. Nd1 Re8 24. Re3 Rxe3 25. Nxe3 Rb4 26. Nd1 c4 27. Ne3 Rxb2
28. Qxc4 Qa7 29. Bc8 Bb5 30. Be6+ Kf8 31. Qc8+ Be8 32. Rc1 Rb8 33. Qc4 Bb5 34.
Qf4+ Ke8 35. Qxd6 Rd8 36. Qb4 Qa6 37. g3 Be5 38. Ng4 Bd6 39. Qd4 Qb7 40. Qh8+
1-0

[Event "España ch sub-18 2012"]
[Site "Salobreña ESP"]
[Date "2012.07.23"]
[Round "1.22"]
[White "Juan Delgado, Adrian"]
[Black "Shen, Yue"]
[Result "0-1"]
[WhiteElo "1811"]
[BlackElo "2148"]
[PlyCount "72"]
[EventDate "2012.07.23"]
[EventType "swiss"]
[EventRounds "9"]
[EventCountry "ESP"]
[Source "lmi"]
[SourceDate "2012.07.23"]

1. d4 Nf6 2. Bf4 g6 3. e3 Bg7 4. h3 d6 5. Nf3 O-O 6. Be2 Nbd7 7. O-O c5 8. c3
Rb8 9. a4 b6 10. Nbd2 Qc7 11. Bh2 a6 12. e4 e5 13. d5 h6 14. Ne1 b5 15. axb5
axb5 16. b3 Nh7 17. Nc2 f5 18. f3 f4 19. c4 b4 20. Re1 Ndf6 21. Nf1 g5 22. Kf2
h5 23. Bd3 g4 24. hxg4 hxg4 25. Ke2 Qf7 26. Nd2 g3 27. Bg1 Qh5 28. Kf1 Ng5 29.
Re2 Rf7 30. Ne1 Bf8 31. Nb1 Rh7 32. Rd2 Qh1 33. Raa2 Rh2 34. Rab2 Rb7 35. Ra2
Rbh7 36. Rab2 Qxg1+ 0-1